| 000 | 01312nam a22003737a 4500 | ||
|---|---|---|---|
| 003 | CHAP | ||
| 005 | 20250523113050.0 | ||
| 008 | 000619d2000 mx ab r 00110 esp d | ||
| 010 | _a81579 | ||
| 011 | _a82551 | ||
| 020 | _a9688846392 | ||
| 035 | _a93050 | ||
| 040 | _cCHAP | ||
| 082 | 0 | 4 |
_a583.47 _bR7 |
| 100 | 1 | 0 |
_aRodríguez Canto, Adolfo _998359 |
| 245 | 1 | 0 |
_aPitahayas : _bestado mundial de su cultivo y comercialización _c/por Adolfo Rodríguez Canto |
| 260 |
_aMaxcanú, Yucatán : _bUACH., _c2000. |
||
| 300 |
_a153 p. : _bilus. ; mapas |
||
| 590 |
_aBATCH-UPD _b10 _c20130110 _lUCH01 _h0331 |
||
| 590 |
_aBATCH-UPD _b10 _c20130110 _lUCH01 _h1728 |
||
| 590 |
_aBATCH-UPD _b10 _c20130410 _lUCH01 _h0005 |
||
| 590 |
_aBATCH-UPD _b10 _c20130914 _lUCH01 _h1627 |
||
| 590 |
_aCONVERSION _b10 _c20130109 _lUCH01 _h1345 |
||
| 650 | 1 | 4 |
_aHylocereus. _957087 |
| 650 | 1 | 4 |
_aSelenicereus. _9103789 |
| 650 | 1 | 4 |
_aStenocereus. _9109642 |
| 901 | _aBK | ||
| 905 | _aAlejandra Carrasco M. | ||
| 942 | _cLIBRO | ||
| 949 |
_a583.47 R7 _bBC _cLIBRO _d33724000935656 _eLIBRO _fc.2 _h98244 _i93050 _si |
||
| 949 |
_a583.47 R7 _bBC _cLIBRO _d33724002137215 _eLIBRO _h98243 _i93050 _si |
||
| 949 |
_a583.47 R7 _bBC _cLIBRO _d33724002216149 _eLIBRO _fc.4 _h113156 _i93050 _si |
||
| 949 |
_a583.47 R7 _bBC _cUACH _d930503 _eUACH _fc.3 _h98245 _i93050 _sb |
||
| 999 |
_c81579 _d81579 |
||